| 000 | 00941nam a2200253Ia 4500 | ||
|---|---|---|---|
| 003 | OSt | ||
| 005 | 20220918112030.0 | ||
| 006 | a|||||r|||| 00| 0 | ||
| 007 | ta | ||
| 008 | 220915b |||||||| |||| 00| 0 hin d | ||
| 024 | _a215489 | ||
| 037 | _cTextbook | ||
| 040 |
_bhin _aARTS _cARTS |
||
| 041 | _ahin | ||
| 082 | _aR5z7, 152J5 | ||
| 100 |
_aताल्स्ताय; शुक्ल, इन्दुकांत, अनु. _911657 |
||
| 245 | 0 | _aकला क्या है? | |
| 246 | _aKalā kyā hai? Samīkṣhā aur ādarsha | ||
| 260 |
_aबनारस _bहिंदी प्रचारक पुस्तकालय भारत _c1955 |
||
| 300 |
_a151पृ0 _ccm. |
||
| 650 |
_aभारतीय-लोक साहित्य _911658 |
||
| 942 |
_hR5z7, 152J5 _cTB _2CC |
||
| 999 |
_c117959 _d117959 |
||